Top 10 Raking FIFA - Estadísticas

Estadísticas generales
  • Esta prueba ha sido intentada 229 veces
    87 desde el último reinicio
  • La puntuación promedio es 9 de 10
Estadísticas de respuestas
Posición Puntos Selecciones % Correcto
1870,32 Argentina
100%
1761,60 Brasil
100%
1870,92 Francia
100%
1875,37 España
99%
1820,44 Inglaterra
95%
10° 1710,06 Italia
93%
1779,55 Portugal
91%
1754,17 Países Bajos
88%
1739,54 Belgica
87%
1714,20 Croacia
64%
No se encontraron pruebas coincidentes
Distribución de puntuación
Porcentaje de gente con cada puntuación
Porcentaje por número respondido
Historial de tus puntuaciones
No has intentado esta prueba desde el último reinicio